| 000 | 00805nam a22002057a 4500 | ||
|---|---|---|---|
| 003 | JO-AjAnu | ||
| 005 | 20251015112726.0 | ||
| 008 | 251015b jo ||||| |||| 00| 0 ara d | ||
| 022 | _a5434/12/2020 | ||
| 040 |
_aANU _cJO-AjAnu |
||
| 041 | _hARA | ||
| 100 |
_aأبو دية، أيوب _eمؤلف _966844 |
||
| 245 |
_aترشيد الطاقة في بيتك _c / أيوب أبو دية |
||
| 260 |
_aعمان : _bوزارة الثقافة، _c2021 |
||
| 300 | _a160 صفحة | ||
| 490 | _v مكتبة الأسرة الأردنية القراءة للجميع ؛ 15 رقم الإصدار 810 | ||
| 500 | _aيحتوي هذا الكتاب على صور توضيحية | ||
| 650 | _vالعزل الحراري-المباني-مواصفات معيارية-الطاقة-الأردن | ||
| 942 |
_2lcc _cBK _n0 |
||
| 999 |
_c34098 _d34098 |
||